000 04389cam a2200409Mi 4500
001 ocn961570028
005 20170712074225.0
006 m o d
007 cr un ||||||||
008 170502s2012 enka frb 001 0 eng d
020 _a9780749464721 (2a.Ed.)
020 _a0749464720
020 _z9780749464714 (2a.Ed.)
020 _z0749464712
020 _z9780749457020
035 _a(OCoLC)961570028
040 _aCo-BoUCM
_bspa
_cSaul Niño
_dSaul Niño
041 0 _aeng
245 1 0 _aShopper marketing
_bhow to increase purchase decisions at the point of sale
_cMarkus Stahlberg, Ville Maila
250 _aSegunda edición
260 _aLondres (Inglaterra)
_bKogan Page
_c2012
300 _a282 páginas
_bilustraciones
504 _aIncluye referencias bibliográficas e índices
505 0 _aPart One. Definition: what is shopper marketing? -- Chapter 1. Science of shopping -- Chapter 2. Point of view on shopper marketing -- Chapter 3. Shopper marketing the discipline, the approach -- Chapter 4. Seven steps towards effective shopper marketing -- Chapter 5. Bringing shopper into category management -- Chapter 6. Science of shopping -- Chapter 7. Illogic inside the mind of the shopper -- Chapter 8. For shoppers there's no place like home -- Chapter 9. The three shopping currencies -- Chapter 10. The shopping motives of Chinese shoppers -- Part Two. Strategy: how to approach shopper marketing -- Chapter 11. Connecting, engaging and exciting shoppers -- Chapter 12. Tailing your shoppers retailing for the future -- Chapter 13. Retail media a catalyst for shopper marketing -- Chapter 14. Integrated communications planning for shopper marketing -- Chapter 15. The conversion model for shopper research -- Chapter 16. Internationalization of shopper marketing -- Chapter 17. Ensuring your brand gets on the shopping list -- Chapter 18. Bridging gaps retail in the emerging Indian market -- Chapter 19. The missing link turning shopper insight into practice -- Chapter 20. Capitalize on unrealized demand among shoppers -- Chapter 21. Shopper promotions what can marketers learn from price discounts? -- Chapter 22. Marketing as a crucial part of retailer partnership -- Chapter 23. Touching the elephant -- Chapter 24. Future shock -- Chapter 25. Shopper marketing's true potential -- Chapter 26. Putting the shopper in your shopper marketing strategy -- Part Three. What is shopper marketing in action? -- Chapter 27. Improving shopper marketing profitability with innovative promotions -- Chapter 28. The circle of shopper marketing mechanization -- Chapter 29. Nestlé Rossiya, Russia -- Chapter 30. Connected shoppers are here, now -- but how do you connect with them? -- Chapter 31. Tesco Fresh and Easy, USA -- Chapter 32. Shopper-oriented pricing strategies -- Chapter 33. Packaging can be your best investment -- Chapter 34. The real power of brands in the digital world what marketers must know about the online shopping decision process -- Chapter 35. 'Too many choices' -- and their implications for package design -- Chapter 36. Maximizing ROI of package promotions.
520 _a"The aim of shopper marketing is to convert browsing shoppers into active purchasers at the point of sale. Although a relatively new area of marketing, it has attracted increased investment year on year - and according to surveys is growing even faster than internet advertising. Edited by two highly respected practitioners, Shopper Marketing demonstrates how marketers can influence the buying decision in-store, including practical advice on shopper needs and trends, retail environments, effective packaging and much more. The second edition has been fully updated and revised, with new material on shopper marketing in the international context and a new foreword by marketing guru Philip Kotler"--
546 _aTexto en inglés
650 7 _aPublicidad
_922914
650 7 _aMercadeo
_919305
650 7 _aConsumidores
_xToma decisiones
_911728
650 7 _aCompras
_xToma decisiones
_911308
690 0 _aAdministración de empresas
_9435
700 1 _aStahlberg, Markus
_eeditor
_985491
700 1 _aMaila, Ville
_eeditor
_985492
776 0 8 _tShopper Marketing : How to Increase Purchase Decisions at the Point of Sale
_z9780749464714
942 _2DEWEY
_a16
_cLIBRO
_e2
_h659.1
_mS559m
999 _c306435
_d306435